000 00325 a2200133 4500
005 20250628213059.0
020 _a978-1-5264-0107-6
100 _aSMITH, M.
245 _aResearch Methods in Accounting
250 _a4th Ed.
260 _aLondon
_bSAGE
_c2017
300 _axiv, 278p.: ill; Table
_bIndex
_c25cm
942 _2ddc
_cBKS
999 _c6205
_d6205